Science Quiz

Random Science or Animal Quiz

Small Carnivorans Slideshow Quiz Stats

 Plays Quiz Updated Aug 16, 2017

Score 0/20 Timer 10:00
6 Plays Today
% Correct
Striped Skunk
97.8%
Oriental Small-clawed Otter
95.8%
Meerkat
85.3%
Red Panda
82.1%
Japanese Badger
79.8%
Raccoon
79%
Black-footed Ferret
72.2%
Stoat
47.1%
African Civet
32.5%
Small Asian Mongoose
27.7%
% Correct
European Mink
25.8%
Binturong
23%
Fossa
20.2%
White-nosed Coati
19.5%
Common Genet
19.1%
Yellow-throated Marten
18.9%
Fisher
13.8%
Ringtail
11.2%
Tayra
7.6%
Grandidier's Vontsira
5.5%

You're not logged in!

Compare scores with friends on all Sporcle quizzes.
OR
Log In

You Might Also Like...

Show Comments

Extras

Top Quizzes Today


Score Distribution

Your Account Isn't Verified!

In order to create a playlist on Sporcle, you need to verify the email address you used during registration. Go to your Sporcle Settings to finish the process.

Report this User

Report this user for behavior that violates our Community Guidelines.

Details: